| 000 | 00924nam a22002177a 4500 | ||
|---|---|---|---|
| 001 | BD-DhSAU 2772 | ||
| 003 | BD-DhSAU | ||
| 005 | 20150202140225.0 | ||
| 008 | 150202b1976 ii a||||r|||| 000 0 ben d | ||
| 040 | _aBD-DhSAU | ||
| 082 |
_222 _a৫৪৩ _bকুমাবৈ |
||
| 100 | _aদে, অনিল কুমার | ||
| 245 |
_aবৈশ্লেষিক রসায়ন / _cঅনিল কুমার দে এবং অসিত কুমার সেন _banalytical chemistry |
||
| 260 |
_aপশ্চিমবঙ্গ : _bপশ্চিমবঙ্গ রাজ্য পুস্তক পর্ষদ , _c১৯৭৬. |
||
| 300 |
_axiii, ৩৫৭ পৃ. : _bচিত্র ; _c২১ সেমি। |
||
| 590 | _ajoy | ||
| 650 | _aবৈশ্লেষিক রসায়ন। | ||
| 650 | _aরসায়ন। | ||
| 650 | _aChemistry. | ||
| 700 | _aসেন, অসিত কুমার | ||
| 942 |
_2ddc _cBOOK |
||
| 999 |
_c2772 _d2772 |
||